Ontología III. La fábrica del mundo real

Gespeichert in:
Bibliographische Detailangaben
1. Verfasser: Hartmann, Nicolai
Format: Buch
Sprache:Undetermined
Veröffentlicht: México, Distrito Federal Fondo de Cultura Económica 1959
Schlagworte:
Tags: Tag hinzufügen
Keine Tags, Fügen Sie den ersten Tag hinzu!

MARC

LEADER 00000nam a2200000Ia 4500
008 170316s9999 xx 000 0 und d
090 |a 100 H-5o v.3 
100 |a Hartmann, Nicolai 
245 |a Ontología III. La fábrica del mundo real 
260 |a México, Distrito Federal 
260 |b Fondo de Cultura Económica 
260 |c 1959 
300 |a 685 páginas 
650 |a FILOSOFÍA 
650 |a EL SER IDEAL 
650 |a ERRORES ONTOLÓGICOS 
650 |a ERRORES GNOSEOLÓGICOS 
650 |a ERRORES DEL SISTEMATISMO FILOSÓFICO 
650 |a LA CUALIDAD 
650 |a LO REAL Y LAS ESFERAS 
650 |a CATEGORIAS OPUESTAS ELEMENTALES 
650 |a LAS OPOSICIONES DEL SER EN LOS ESTRATOS 
650 |a LAS LEYES CATEGORIALES 
650 |a LEYES 
999 |c 16556  |d 16556 
040 |a cru BVZT 
942 |c 15 D  |h 100 H-5o v.3  |2 z